00343nam a2200121 a 4500008004100000050001500041100002300056245005500079250001200134260004600146300002000192350000900212120416s1988 ||||||||||||||||| || u aBF 295 Sch aSchmidt, Richard A10aMotor control and learning: a behavioural emphasis a2nd ed. aIllinois:bHuman Kinetics Publisherc1988 axi, 578p. : ill a0.00